=LDR 00000nam 2200000 4500 =001 INLIS000000000040231 =005 20130612145814 =008 ***********************************ind** =035 ##$$0010-061300000040231 =041 ##$$a ind =082 ##$$a 346.043 63 =090 ##$$a 346.046 63, Per, p =100 ##$$a Perangin, Angin =245 ##$$a Praktek jual beli tanah =260 ##$$b Jakarta: =300 ##$$a xi, 149 hlm., 21 cm =850 ##$$a NBPNMAT